Music Quiz

Random Music Quiz

Artists' Longest Top 10 Runs Quiz Stats

 Plays Quiz not verified by Sporcle

Support Sporcle.
Go Orange.
Score 0/53 Timer 10:00
0 Plays Today
Dates (Weeks) Artist % Correct
Dec. 6, 2008 - Aug.15, 2009 (37)Lady Gaga
95.2%
Oct. 3, 2009 - May 8, 2010 (32)Lady Gaga
95.2%
May 29, 2010 - Sep. 17, 2011 (69)Katy Perry
93.1%
Sept. 6, 2014 - Apr. 25, 2015 (34)Taylor Swift
91.7%
Sep. 17, 2011 - Apr. 7, 2012 (30)Adele
89.7%
Apr. 18, 2009 - Nov. 7, 2009 (30)Black Eyed Peas
86.6%
Sep. 30, 1995 - Jul. 13, 1996 (42)Mariah Carey
86%
Aug. 21, 1993 - May 14, 1994 (39)Mariah Carey
86%
Nov. 10, 2012 - Jun. 15, 2013 (31)Bruno Mars
85.3%
Sept. 6, 1997 - Apr. 25, 1998 (34)Usher
83.8%
Jan. 31, 2004 - Aug. 28, 2004 (31)Usher
83.8%
Apr. 24, 2010 - Nov. 20, 2010 (31)Usher
83.8%
Aug. 16, 2014 - Mar. 7, 2015 (30)Meghan Trainor
82.6%
Sep. 4, 1999 - Jun. 17, 2000 (42)Santana
82.5%
June 1, 2002 - Feb. 15, 2003 (38)Nelly
82%
Jan. 28, 2017 - Sep. 9, 2017Ed Sheeran
80.8%
Feb. 12, 2005 - Sep. 10, 2005 (31)Kelly Clarkson
80.7%
Sept. 14, 2013 - May 13, 2014 (34)Lorde
79.5%
Feb. 13, 2016 - Aug. 27, 2016 (29)Rihanna
78.6%
Apr. 27, 2019 - Nov. 9, 2019 (29)Billie Eilish
77.6%
Mar. 17, 2007 - Oct. 27, 2007 (33)Fergie
76.4%
Jun. 4, 2011 - Feb. 25, 2012 (39)LMFAO
74.9%
Aug. 20, 1994 - Mar. 18, 1995 (31)Boyz II Men
73.6%
Aug. 1, 1992 - Feb. 20, 1993 (30)Boyz II Men
73.6%
Feb. 3, 2018 - Oct. 13, 2018 (37)Drake
73.3%
Sept. 19, 2015 - May 7, 2016 (34)Justin Bieber
72.3%
Oct. 16, 1993 - Sept. 10, 1994 (48)Ace of Base
71.6%
Dates (Weeks) Artist % Correct
Oct. 2, 2010 - May 21, 2011 (34)Rihanna
70.9%
July 29, 2000 - Feb. 24, 2001 (31)Destiny's Child
70.4%
Mar. 5, 2015 - Jan. 9, 2016 (45)The Weeknd
70.1%
Sep. 4, 2010 - Apr. 2, 2011 (31) Bruno Mars
70.1%
Dec. 13, 2014 - Jul. 11, 2015 (31)Mark Ronson
69.9%
Jan. 5, 2013 - Aug. 10, 2013 (32)Macklemore & Ryan Lewis
69.5%
Sept. 6, 2008 - May 16, 2009 (37)T.I.
68.9%
Jan. 8, 2005 - Jul. 30, 2005 (30)50 Cent
66.2%
May 5, 2012 - Jan. 19, 2013 (38)Maroon 5
65.3%
Dec. 22, 2018 - Aug. 31, 2019 (37)Post Malone
64.2%
Sep. 14, 2019 - May 30, 2020 (38)Post Malone
64.2%
May 8, 1993 - Feb. 5, 1994 (40)Janet Jackson
60.4%
May 21, 2016 - Jul. 15, 2017 (61)The Chainsmokers
58.4%
May 17, 2014 - Jan. 3, 2015 (34)Ariana Grande
58.2%
May 10, 2014 - Dec. 13, 2014 (29)Iggy Azalea
55.2%
Jul. 15, 2017 - Feb. 10, 2018 (32)Imagine Dragons
55%
Oct. 7, 2017 - July 7, 2018 (41)Post Malone
54.9%
Jul. 14, 2007 - Mar. 29, 2008 (38)Timbaland
51.2%
Oct. 14, 2006 - May 26, 2007 (33)Akon
49.3%
Aug. 9, 1997 - Mar. 7, 1998 (31)LeAnn Rimes
47.7%
Aug. 14, 2004 - Mar. 12, 2005 (31)Ciara
45.4%
Mar. 28, 2015 - Dec. 12, 2015 (38)Fetty Wap
42.4%
Aug. 18, 2018 - Mar. 23, 2019 (32)Travis Scott
38.2%
Nov. 10, 2018 - May 25, 2019 (29)Halsey
33.4%
Apr. 17, 1993 - Oct. 30, 1993 (29)SWV
21.2%
Jul. 13, 1996 - Mar. 8, 1997 (35)Keith Sweat
14.5%

You're not logged in!

Compare scores with friends on all Sporcle quizzes.
OR
Log In

From the Vault

South America Consonants

by Flick

Here's a geography quiz to chew on.
Remove Ads.
Support Sporcle.
Get the best of Sporcle when you Go Orange. This ad-free experience offers more features, more stats, and more fun while also helping to support Sporcle. Thank you for becoming a member.

Show Comments

Extras

Top Quizzes Today


Score Distribution

Your Account Isn't Verified!

In order to create a playlist on Sporcle, you need to verify the email address you used during registration. Go to your Sporcle Settings to finish the process.

Report this User

Report this user for behavior that violates our Community Guidelines.

Details: